000 00640nam a22001697a 4500
005 20251108164023.0
008 250721s1975 xx 000 0 ara d
082 1 4 _a320.962/ملف
245 1 0 _aملف عبد الناصر :
_bحوار اليسار المصري مع توفيق الحكيم /
264 1 _aبيروت :
_bدار القضايا،
_c1975.
300 _a498ص
500 _aيضم أعمال الندوة التي نظمتها مجلة الطليعة القاهريه و نشرتها تباعاً منذ أول كانون ثاني 1975
650 1 7 _aمصر
650 1 7 _aالسياسة
942 _2ddc
_cBK
999 _c1614
_d1614